000 00746nam a2200253 a 4500
001 32298
003 BD-RjUL
005 20211209051820.0
008 140424s1971 enk 000 0 eng d
035 _aOCLC 933292 from nreto023
_a(BD-RjUL)32387
040 _aYNG
_cYNG
_dm/c
_dBD-RjUL
_beng
041 0 _aengjpn
082 0 4 _a294.561
_bKAS 1971
090 _aBL2220
_b.K35 1971b
100 1 _aKato, Genchi,
_d1873-1965.
_997952
245 1 2 _aA study of Shinto :
_bthe religion of the Japanese nation /
_cGenchi Kato
250 _a2nd ed
260 _aLondon :
_bCurzon Press,
_cc 1971.
300 _aix, 250 p. ;
_c22 cm
500 _aFirst published in Tokyo, 1926
500 _aIncludes index
650 0 _aShinto
_971566
942 _2ddc
_cBK
999 _c32298
_d32298